000 00974nam a22002417a 4500
003 OSt
005 20250903062519.0
008 240906b ||||| |||| 00| 0 eng d
040 _c0
082 _aDPer 621.317 Ie21 December 2022 v.37 n. 12 part 1&2.
100 _aLi, Yuan.
_eauthor.
_960421
245 _aA dual-mmc chain-link structure for multifrequency transfer /
_cYuan Li, Dalu Liu, and Gregory J. Kish.
260 _aNew York ;
_bThe Institute of Electrical and Electronics Engineers, Inc.,
_cDecember 2022.
300 _avolume 37, pages 14601-14614,
_billustration.
500 _aIEEE Transactions on Power Electronics, v. 37 n. 12, pages 14601-14614, December 2022.
650 0 _aHybrid power systems.
_966104
650 0 _aModular multilevel converter (MMC).
_966105
650 0 _aparallel MMC.
_966106
700 _aLi, Yuan.
_eauthor.
_960421
700 _aLiu, Dalu.
_eauthor.
_960422
700 _aKish, Gregory J.
_eauthor.
_960423
942 _2ddc
_cPER
999 _c21405
_d21405